000
00310nam a2200133Ia 4500
005
20260328104320.0
008
260328s9999||||xx |||||||||||||| ||und||
100
_a
Trotter, Lilias
245
0
_a
1876 Sketchbook /
_c
Lilias Trotter
260
_b
Oxvision
300
_a
90 p.
650
_a
DIBUJO
942
_c
BK
999
_c
11336
_d
11336